000 00347nam a2200133 a 4500
005 20140414131914.0
008 101015s19uu xx 00 eng d
050 _aM 398.8
_bH65 1973
100 _aHoberman, Mary Ann
245 _aThe looking book.
260 _aNew York :
_bAlfred A Knopf,
_c1973.
650 _aCounting books
999 _c111358
_d111358